| 000 | 00987nam a2200217 i 4500 | ||
|---|---|---|---|
| 001 | 182600 | ||
| 003 | ES-MaACL | ||
| 005 | 20251014063256.0 | ||
| 008 | 131001s1868 sp a | |||||||| | spa d | ||
| 080 | _a908(460.41) | ||
| 100 | 1 |
_aGiménez Romera, Waldo, _d1835-1896 _9176244 |
|
| 245 | 1 | 0 |
_aCrónica de las islas Canarias / _cpor Waldo Giménez Romera. |
| 260 |
_aMadrid : _bRubio, Grilo y Vitturi, _c1868. |
||
| 300 |
_a96 p., [4] h. de lám., [2] h. de mapas ; _c32 cm. |
||
| 490 | 1 | _aCrónica general de España, o sea historia ilustrada y descriptiva de sus provincias, sus poblaciones más importantes de la península y de ultramar | |
| 650 | 7 |
_a _2 _9241625 |
|
| 650 | 4 |
_a _9241645 |
|
| 830 | 0 |
_aCrónica general de España, o sea Historia ilustrada y descriptiva de sus provincias, sus poblaciones más importantes de la península y posesiones de Ultramar _9224862 |
|
| 852 |
_aES-MaACL _jC-1578(3) _z.- Encuadernado con otras obras |
||
| 999 |
_c182600 _d182600 |
||